[Event "World Rapid Championship"]
[Site "Berlin GER"]
[Date "2015.10.12"]
[EventDate "2015.10.10"]
[Round "15.34"]
[Result "0-1"]
[White "Lazaro Bruzon Batista"]
[Black "Mikhail Antipov"]
[WhiteElo "2659"]
[BlackElo "2569"]
[PlyCount "92"]

1. d4 Nf6 2. Nf3 e6 3. c4 c5 4. Nc3 cxd4 5. Nxd4 Bb4 6. Bd2
Nc6 7. Nxc6 dxc6 8. e3 e5 9. Qc2 Be6 10. a3 Be7 11. Bd3 O-O
12. O-O Qc7 13. Rfd1 Rad8 14. Be1 g6 15. h3 Ne8 16. b4 Nd6
17. c5 Nf5 18. Ne4 Nh4 19. Bc4 Qc8 20. f3 Nf5 21. Bf2 Bd5
22. Nd2 Bg5 23. Qc3 Qe6 24. e4 Bxd2 25. Qxd2 Bxc4 26. Qxd8
Rxd8 27. Rxd8+ Kg7 28. exf5 Qxf5 29. Re1 f6 30. Rd6 g5 31. Rc1
Bd5 32. b5 e4 33. Re1 exf3 34. g4 Qc2 35. Re7+ Kg6 36. b6 axb6
37. cxb6 Qc1+ 38. Re1 Qxa3 39. Rd7 h5 40. gxh5+ Kxh5 41. Rxb7
Kg6 42. Rd7 Qb4 43. b7 g4 44. Kh2 Qf4+ 45. Kh1 g3 46. Rd8 gxf2
0-1

[Event "World Blitz Championship"]
[Site "Berlin GER"]
[Date "2015.10.13"]
[EventDate "2015.10.13"]
[Round "1.58"]
[Result "1-0"]
[White "Vladimir Akopian"]
[Black "Mikhail Antipov"]
[WhiteElo "2648"]
[BlackElo "2569"]
[PlyCount "64"]

1. Nf3 Nf6 2. g3 d5 3. Bg2 c6 4. c4 g6 5. b3 Bg7 6. Bb2 O-O
7. O-O a5 8. d3 Bg4 9. Nbd2 Nbd7 10. h3 Bxf3 11. Nxf3 a4
12. Qc2 e6 13. e4 Ne8 14. Bxg7 Nxg7 15. exd5 exd5 16. cxd5
cxd5 17. bxa4 Qa5 18. Nd2 Ne6 19. Nb3 Qxa4 20. Bxd5 Rac8
21. Qd2 Qa6 22. Rfe1 Nf6 23. Bxe6 fxe6 24. d4 Qd6 25. Qe3 Rce8
26. Rac1 Nd5 27. Qe5 Qe7 28. Nc5 Rf6 29. Ne4 Rf5 30. Qd6 Qf7
31. Re2 Qf8 32. Rec2 Rf3 1-0

[Event "World Blitz Championship"]
[Site "Berlin GER"]
[Date "2015.10.13"]
[EventDate "2015.10.13"]
[Round "2.68"]
[Result "1-0"]
[White "Mikhail Antipov"]
[Black "Predrag Nikolic"]
[WhiteElo "2569"]
[BlackElo "2603"]
[PlyCount "97"]

1. e4 e6 2. d4 d5 3. Nd2 a6 4. Ngf3 c5 5. exd5 exd5 6. Be2 c4
7. O-O Nf6 8. c3 Be7 9. b3 b5 10. a4 Bb7 11. Ne5 O-O 12. axb5
axb5 13. Rxa8 Bxa8 14. Qc2 Nfd7 15. f4 f6 16. Ng4 Re8 17. Nf3
Nf8 18. b4 Bd6 19. Bd1 Nbd7 20. Qf2 Nb6 21. Bc2 Bc6 22. Qg3
Kh8 23. Nh4 Re2 24. Bd1 Re8 25. Nf5 g6 26. Nxd6 Qxd6 27. Qf3
Bd7 28. Ne3 f5 29. Bc2 Be6 30. g4 Qd7 31. h3 Re7 32. Bd2 Rf7
33. Qg3 Na4 34. Re1 Qd6 35. Nf1 Nd7 36. g5 Re7 37. Nh2 Bf7
38. Rxe7 Qxe7 39. Kf1 Kg8 40. Nf3 Nb2 41. Ne5 Nxe5 42. dxe5
Qa7 43. Qe3 Qa1+ 44. Kg2 Qa2 45. e6 Be8 46. e7 Nd3 47. Qe6+
Kg7 48. Qf6+ Kg8 49. Qf8# 1-0

[Event "World Blitz Championship"]
[Site "Berlin GER"]
[Date "2015.10.13"]
[EventDate "2015.10.13"]
[Round "3.53"]
[Result "1/2-1/2"]
[White "Andrey Sumets"]
[Black "Mikhail Antipov"]
[WhiteElo "2583"]
[BlackElo "2569"]
[PlyCount "158"]

1. d4 e6 2. Nf3 b6 3. e4 Bb7 4. Bd3 Nc6 5. c3 Nge7 6. O-O d6
7. Re1 Qd7 8. Nbd2 Ng6 9. Nf1 Be7 10. b4 O-O 11. Ng3 Rae8
12. a4 a5 13. b5 Nd8 14. c4 e5 15. Bb2 Bf6 16. Nh5 Qe7 17. c5
Ne6 18. c6 Bc8 19. Nxf6+ Qxf6 20. dxe5 dxe5 21. Ba3 Nef4
22. Bxf8 Nxg2 23. Kxg2 Nf4+ 24. Kh1 Bg4 25. Re3 Rxf8 26. Bf1
Rd8 27. Qb3 Qg6 28. Rd1 Re8 29. Rd7 Qh5 30. Ng1 h6 31. Rxc7
Rd8 32. Rd7 Bxd7 33. cxd7 Rxd7 34. Qc2 Rd1 35. Be2 Nxe2
36. Qxe2 Qxe2 37. Rxe2 Ra1 38. Rc2 Rxa4 39. Rc6 Rxe4 40. Rxb6
a4 41. Nf3 f6 42. Ra6 Rb4 43. b6 a3 44. Kg2 a2 45. Rxa2 Rxb6
46. Nh4 Rb4 47. Nf5 Rf4 48. Ra8+ Kh7 49. Ne7 Rd4 50. Ra7 Rg4+
51. Kf3 h5 52. h3 Rb4 53. Kg3 h4+ 54. Kg2 Rf4 55. Nd5 Rf5
56. f3 Rg5+ 57. Kf2 Kg6 58. Ne7+ Kh7 59. Nd5 Kg6 60. Ne7+ Kh5
61. Nd5 Rg3 62. Ne3 Kg6 63. Nf1 Rg5 64. Rb7 Rf5 65. Rb4 Rh5
66. Nd2 Rh8 67. Ne4 Rd8 68. Rb7 Rc8 69. Nd6 Rc2+ 70. Kg1 Rc3
71. Kf2 Rc2+ 72. Ke3 Rh2 73. Ne8 Rxh3 74. Rxg7+ Kf5 75. Rf7
Ke6 76. Rh7 Kf5 77. Rh6 e4 78. Rxf6+ Ke5 79. Rf8 Rxf3+ 1/2-1/2

[Event "World Blitz Championship"]
[Site "Berlin GER"]
[Date "2015.10.13"]
[EventDate "2015.10.13"]
[Round "4.52"]
[Result "0-1"]
[White "Mikhail Antipov"]
[Black "Krishnan Sasikiran"]
[WhiteElo "2569"]
[BlackElo "2639"]
[PlyCount "68"]

1. e4 c5 2. Nf3 d6 3. Bb5+ Nd7 4. d4 cxd4 5. Qxd4 a6 6. Bxd7+
Bxd7 7. O-O e5 8. Qd3 h6 9. c4 Nf6 10. Nc3 Be7 11. c5 Be6
12. cxd6 Qxd6 13. Qe3 O-O 14. Rd1 Qc7 15. Nd5 Nxd5 16. exd5
Rad8 17. Nxe5 Rxd5 18. Rxd5 Bxd5 19. Bd2 Bf6 20. Bc3 Re8
21. f4 b5 22. h3 b4 23. Bd4 Qc2 24. Qf2 Rc8 25. b3 Qxf2+
26. Bxf2 Rc2 27. Rd1 Be6 28. Nd3 a5 29. Nc5 Rxa2 30. Nxe6 fxe6
31. Rd6 a4 32. bxa4 b3 33. Rb6 b2 34. Kh2 Ra1 0-1

[Event "World Blitz Championship"]
[Site "Berlin GER"]
[Date "2015.10.13"]
[EventDate "2015.10.13"]
[Round "5.65"]
[Result "1-0"]
[White "Sergey Grigoriants"]
[Black "Mikhail Antipov"]
[WhiteElo "2603"]
[BlackElo "2569"]
[PlyCount "107"]

1. e4 c5 2. Nf3 d6 3. d4 cxd4 4. Nxd4 Nf6 5. f3 e5 6. Nb3 Be6
7. c4 a5 8. Be3 a4 9. N3d2 Qa5 10. Bd3 Be7 11. O-O Nh5 12. Re1
O-O 13. Bf1 Nc6 14. Na3 Bd8 15. Kh1 Bb6 16. Nb5 Rad8 17. Bxb6
Qxb6 18. Qxa4 Qf2 19. Qd1 f5 20. Re2 Qb6 21. exf5 Ng3+
22. hxg3 Rf6 23. Re4 Bxf5 24. Rh4 g5 25. Rh5 Bg6 26. Rh2 Ne7
27. Ne4 Bxe4 28. fxe4 Rdf8 29. Be2 Qf2 30. Qe1 Qc5 31. Rh5 h6
32. Rd1 Kg7 33. b4 Qc6 34. Bd3 Ra8 35. a3 Raf8 36. Qe3 Ng6
37. Nc3 Rf2 38. Nd5 Ra2 39. Rf1 Qc8 40. Rxf8 Qxf8 41. Qf3 Qxf3
42. gxf3 Rxa3 43. Be2 Ra1+ 44. Kg2 Nf8 45. Rh1 Ra2 46. Kf2 Ne6
47. Ke3 Nd4 48. Bd3 Rg2 49. Ne7 Ne6 50. Nf5+ Kf7 51. Rxh6 Nd8
52. Nxd6+ Kg7 53. Nf5+ Kf7 54. c5 1-0

[Event "World Blitz Championship"]
[Site "Berlin GER"]
[Date "2015.10.13"]
[EventDate "2015.10.13"]
[Round "6.82"]
[Result "1-0"]
[White "Mikhail Antipov"]
[Black "Raphael Lagunow"]
[WhiteElo "2569"]
[BlackElo "2164"]
[PlyCount "55"]

1. e4 c5 2. Nf3 Nc6 3. Bb5 g6 4. O-O Bg7 5. Bxc6 dxc6 6. d3
Nh6 7. a4 f6 8. Be3 b6 9. a5 Ng4 10. Bd2 Bd7 11. Nc3 Nh6
12. Na4 e5 13. c3 Be6 14. d4 cxd4 15. cxd4 Nf7 16. Bb4 Bg4
17. Qb3 exd4 18. h3 Bd7 19. axb6 axb6 20. Nxd4 c5 21. Ne6 Bxe6
22. Qxe6+ Kf8 23. Nxb6 Rxa1 24. Bxc5+ Kg8 25. Rxa1 h5 26. Ra8
Qxa8 27. Nxa8 Rh7 28. Qe8+ 1-0

[Event "World Blitz Championship"]
[Site "Berlin GER"]
[Date "2015.10.13"]
[EventDate "2015.10.13"]
[Round "7.67"]
[Result "0-1"]
[White "Santosh Gujrathi Vidit"]
[Black "Mikhail Antipov"]
[WhiteElo "2651"]
[BlackElo "2569"]
[PlyCount "150"]

1. d4 Nf6 2. c4 e6 3. Nf3 c5 4. Nc3 cxd4 5. Nxd4 Bb4 6. Qb3
Qa5 7. Bd2 Nc6 8. Nc2 O-O 9. Nxb4 Qxb4 10. Qxb4 Nxb4 11. O-O-O
d5 12. Nxd5 Nxa2+ 13. Kb1 exd5 14. Kxa2 dxc4 15. Bb4 Re8
16. f3 Be6 17. e4 a5 18. Bd6 b5 19. Kb1 b4 20. Be2 Rec8
21. Rd4 c3 22. Rc1 cxb2 23. Rxc8+ Rxc8 24. Kxb2 Nd7 25. Ba6
Rc3 26. Bb5 Rb3+ 27. Kc2 Rc3+ 28. Kb2 Nb6 29. Bc7 Rb3+ 30. Kc2
Rc3+ 31. Kd2 h5 32. Bxb6 Ra3 33. Bc4 Bxc4 34. Rxc4 b3 35. Kc3
a4 36. Rd4 b2+ 37. Kxb2 Rb3+ 38. Kc2 Rxb6 39. Rxa4 Rg6 40. g3
h4 41. g4 Rf6 42. Ra3 g5 43. Kd2 Rb6 44. Ra5 f6 45. Rc5 Kf7
46. Rc2 Rb3 47. Ke2 Ke6 48. Kf2 Rb5 49. Ke3 Rb3+ 50. Ke2 Ke5
51. Rc5+ Ke6 52. Rc2 Kd6 53. h3 Ke5 54. Rc5+ Kf4 55. Rf5+ Kg3
56. Rxf6 Kxh3 57. e5 Kg3 58. e6 Rb2+ 59. Ke3 Rb1 60. Ke2 Rb2+
61. Kd3 Rb1 62. Kd2 Rb2+ 63. Kd1 Rb1+ 64. Ke2 Rb2+ 65. Ke3 Rb1
66. Ke2 Rb2+ 67. Kd3 Rb1 68. Ke2 Rb8 69. e7 Re8 70. Re6 h3
71. Kf1 h2 72. Rh6 Rxe7 73. f4 gxf4 74. g5 f3 75. g6 f2 0-1

[Event "World Blitz Championship"]
[Site "Berlin GER"]
[Date "2015.10.13"]
[EventDate "2015.10.13"]
[Round "8.50"]
[Result "1/2-1/2"]
[White "David Anton Guijarro"]
[Black "Mikhail Antipov"]
[WhiteElo "2634"]
[BlackElo "2569"]
[PlyCount "294"]

1. e4 e6 2. d3 c5 3. Nf3 Nc6 4. g3 g6 5. Bg2 Bg7 6. O-O Nge7
7. c3 e5 8. a3 d6 9. b4 O-O 10. Nbd2 b6 11. Re1 h6 12. Nc4 Be6
13. Nfd2 Rc8 14. b5 Nb8 15. a4 Qc7 16. Ne3 Nd7 17. Nd5 Bxd5
18. exd5 f5 19. Bb2 Nf6 20. c4 a5 21. bxa6 Ra8 22. Nb1 Rxa6
23. Nc3 Qd7 24. Nb5 g5 25. Qc2 Ng6 26. Bc3 h5 27. a5 bxa5
28. Rxa5 Rxa5 29. Bxa5 Ra8 30. Bc3 h4 31. Qb2 f4 32. Ra1 Rxa1+
33. Qxa1 hxg3 34. hxg3 Qg4 35. Qe1 f3 36. Bf1 Qh5 37. Bg2 fxg2
38. Kxg2 Qg4 39. Kf1 Qf3 40. Qe3 Qxe3 41. fxe3 Bf8 42. Ke2 Kf7
43. Ba5 g4 44. Bc7 Ne8 45. Bd8 Be7 46. Ba5 Nf8 47. d4 Nd7
48. Bc3 cxd4 49. exd4 exd4 50. Bxd4 Bf6 51. Bf2 Be5 52. Kd3
Ng7 53. Ke4 Nf6+ 54. Kd3 Nf5 55. c5 dxc5 56. Bxc5 Nxg3 57. Bd6
Bxd6 58. Nxd6+ Kg6 59. Nc4 Kg5 60. Ne5 Nf5 61. Nxg4 Kxg4
62. d6 Nd7 63. Ke4 Ng7 64. Kd5 Kf5 65. Kc6 Ke6 66. Kb5 Kd5
67. Kb4 Nf5 68. Kc3 Ke4 69. Kc4 Ne3+ 70. Kc3 Nd5+ 71. Kc4
N5b6+ 72. Kc3 Ke3 73. Kc2 Nd5 74. Kc1 Nc3 75. Kc2 Ne4 76. Kb3
Kd3 77. Kb4 Kd4 78. Kb5 Kd5 79. Kb4 Kd4 80. Kb5 Nec5 81. Kb4
Kd3 82. Kb5 Kc3 83. Kc6 Kc4 84. Kc7 Kd5 85. Kd8 Ke5 86. Ke7
Kf5 87. Kd8 Ke6 88. Kc7 Nb3 89. Kc6 Nd4+ 90. Kc7 Nf5 91. Kc6
Nh6 92. Kc7 Nf7 93. Kc6 Nfe5+ 94. Kc7 Kd5 95. Kd8 Kc6 96. Ke7
Kc5 97. Ke6 Kd4 98. Kf5 Kd5 99. Kf4 Nc4 100. Kf5 Ne3+ 101. Kf4
Kd4 102. Kf3 Nd5 103. Ke2 Kc3 104. Kf3 Kd3 105. Kf2 Nc3
106. Kf3 Ne2 107. Kf2 Nd4 108. Kg3 Ke4 109. Kg4 Nf3 110. Kg3
Nfe5 111. Kf2 Kd3 112. Kg2 Ke2 113. Kg3 Ke3 114. Kg2 Nd3
115. Kg3 Nf2 116. Kg2 Ne4 117. Kf1 Kd2 118. Kg1 Ke1 119. Kh2
Kf2 120. Kh3 Kf3 121. Kh4 Kf4 122. Kh3 Nf2+ 123. Kg2 Nd3
124. Kh3 N3c5 125. Kg2 Ne4 126. Kh3 Kf3 127. Kh4 Kf4 128. Kh3
Nf2+ 129. Kg2 Nd3 130. Kh3 Kf3 131. Kh4 Kf4 132. Kh3 N3e5
133. Kg2 Ke3 134. Kg3 Nf3 135. Kg2 Nd4 136. Kg3 Nf5+ 137. Kg2
Ke2 138. Kh3 Kf3 139. Kh2 Ne3 140. Kg1 Kg3 141. Kh1 Ng4
142. Kg1 Nh2 143. Kh1 Ng4 144. Kg1 Ne3 145. Kh1 Kf4 146. Kg1
Kf3 147. Kh2 Kg4 1/2-1/2

[Event "World Blitz Championship"]
[Site "Berlin GER"]
[Date "2015.10.13"]
[EventDate "2015.10.13"]
[Round "9.53"]
[Result "0-1"]
[White "Mikhail Antipov"]
[Black "Miguel Munoz Pantoja"]
[WhiteElo "2569"]
[BlackElo "2441"]
[PlyCount "32"]

1. e4 d5 2. exd5 Qxd5 3. Nc3 Qa5 4. d4 Nf6 5. Bc4 Nc6 6. Ne2
Bg4 7. f3 Be6 8. Bxe6 fxe6 9. Qd3 Nb4 10. Qd2 O-O-O 11. O-O e5
12. a3 exd4 13. Ne4 Nxe4 14. Qxb4 Qa6 15. Nxd4 e5 16. Qb3 Nc5
0-1

[Event "World Blitz Championship"]
[Site "Berlin GER"]
[Date "2015.10.13"]
[EventDate "2015.10.13"]
[Round "10.69"]
[Result "1/2-1/2"]
[White "Mikhail Antipov"]
[Black "Simen Agdestein"]
[WhiteElo "2569"]
[BlackElo "2606"]
[PlyCount "130"]

1. e4 e6 2. d3 d5 3. Nd2 c5 4. g3 Nc6 5. Bg2 Be7 6. Ngf3 Nf6
7. O-O O-O 8. e5 Nd7 9. Re1 b5 10. Nf1 a5 11. h4 h6 12. N1h2
Re8 13. Bf4 Bf8 14. Qd2 b4 15. Ng4 Kh7 16. Bh3 a4 17. Kg2 Nd4
18. Nxd4 cxd4 19. Nh2 Nb8 20. Nf3 Nc6 21. Rh1 Qa5 22. Qe2 Bd7
23. h5 Qd8 24. g4 f6 25. Rhg1 Be7 26. Kh2 Rf8 27. Bg3 Rc8
28. Raf1 Rf7 29. Kh1 Qg8 30. exf6 gxf6 31. Nh4 Rg7 32. f4 Be8
33. Be1 Bf7 34. f5 e5 35. Ng6 Bd6 36. Bd2 Be8 37. Bg2 Rgc7
38. Bc1 Ne7 39. Rf2 b3 40. axb3 axb3 41. Qd2 Qg7 42. cxb3 Ng8
43. Bxd5 Bc6 44. Bxc6 Rxc6 45. Rd1 Qb7 46. Kg1 Qxb3 47. Rff1
Rc2 48. Qe1 Qd5 49. Qe4 Qxe4 50. dxe4 Bb4 51. Nh4 Ne7 52. Ng6
Nc6 53. Rf3 Na5 54. Rdf1 Rxc1 55. Rxc1 Rxc1+ 56. Kg2 Rc2+
57. Kf1 Rxb2 58. g5 hxg5 59. h6 Nc4 60. Kg1 Ne3 61. Rh3 Be1
62. Nf8+ Kh8 63. Ng6+ Kh7 64. Nf8+ Kh8 65. h7 Bb4 1/2-1/2

[Event "World Blitz Championship"]
[Site "Berlin GER"]
[Date "2015.10.14"]
[EventDate "2015.10.13"]
[Round "12.53"]
[Result "1/2-1/2"]
[White "Mikhail Antipov"]
[Black "Michael Roiz"]
[WhiteElo "2569"]
[BlackElo "2600"]
[PlyCount "47"]

1. e4 e5 2. Nf3 Nc6 3. Bc4 Bc5 4. O-O d6 5. c3 Nf6 6. d3 h6
7. Nbd2 O-O 8. Bb3 a6 9. h3 Re8 10. Re1 Be6 11. Bc2 d5 12. Qe2
Qd7 13. Nf1 Rad8 14. a3 Bf8 15. Nh4 g6 16. Qf3 Qe7 17. Ne3
dxe4 18. dxe4 Bg7 19. b4 Nh7 20. Qg3 Nf6 21. Qf3 Nh7 22. Qg3
Nf6 23. Qf3 Nh7 24. Qg3 1/2-1/2

[Event "World Blitz Championship"]
[Site "Berlin GER"]
[Date "2015.10.14"]
[EventDate "2015.10.13"]
[Round "13.52"]
[Result "1-0"]
[White "Nils Grandelius"]
[Black "Mikhail Antipov"]
[WhiteElo "2647"]
[BlackElo "2569"]
[PlyCount "73"]

1. e4 c5 2. Nf3 d6 3. Bc4 g6 4. c3 Bg7 5. O-O Nf6 6. Re1 O-O
7. Bb3 Bg4 8. d3 Nc6 9. Nbd2 Ne5 10. h3 Bxf3 11. Nxf3 Nxf3+
12. Qxf3 e6 13. Bg5 h6 14. Bh4 Qe7 15. Rad1 Rfd8 16. d4 cxd4
17. cxd4 g5 18. Bg3 Nd7 19. d5 Ne5 20. Qe3 Ng6 21. dxe6 fxe6
22. Qd2 Be5 23. Bxe5 dxe5 24. Qa5 b6 25. Qb5 Rac8 26. Rc1 Kf7
27. Kh2 Qf6 28. Rxc8 Rxc8 29. Qd7+ Ne7 30. Re3 Qf4+ 31. Rg3
Rc1 32. Qxe6+ Ke8 33. Ba4+ Kf8 34. Qxh6+ Kf7 35. Bb3+ Ke8
36. Qxg5 Qxg5 37. Rxg5 1-0

[Event "World Blitz Championship"]
[Site "Berlin GER"]
[Date "2015.10.14"]
[EventDate "2015.10.13"]
[Round "14.64"]
[Result "1-0"]
[White "Mikhail Antipov"]
[Black "Stelios Halkias"]
[WhiteElo "2569"]
[BlackElo "2534"]
[PlyCount "151"]

1. e4 e5 2. Nf3 Nc6 3. Bc4 Nf6 4. d3 Be7 5. O-O d6 6. c3 O-O
7. Bb3 Na5 8. Bc2 c5 9. Re1 Nc6 10. Nbd2 Re8 11. a3 Bf8 12. b4
Qc7 13. Nc4 b5 14. Ne3 Be6 15. Ng5 h6 16. Nxe6 fxe6 17. Rb1 a6
18. Bb3 Kh8 19. Rf1 Rad8 20. Qf3 a5 21. Qh3 axb4 22. axb4 cxb4
23. cxb4 Nd4 24. Bd1 Qf7 25. f4 exf4 26. Rxf4 Be7 27. Ng4 Qh5
28. Qg3 e5 29. Rf1 Nxg4 30. Bxg4 Qg6 31. Be3 Bg5 32. Bxd4 exd4
33. Bf5 Qh5 34. h3 Rf8 35. Kh2 Bf6 36. Kh1 Be5 37. Qg4 Qxg4
38. Bxg4 g6 39. Kg1 Bf4 40. Rf3 Be3+ 41. Kf1 h5 42. Be6 Rxf3+
43. gxf3 Ra8 44. Bd7 Rb8 45. Ke2 Kg7 46. Ra1 Rb7 47. Bc6 Rc7
48. Bxb5 Rc2+ 49. Kd1 Rd2+ 50. Ke1 Rb2 51. Ra7+ Kf6 52. Be8
Rxb4 53. h4 Rb1+ 54. Ke2 Rb2+ 55. Kf1 Rf2+ 56. Ke1 Ke5 57. Rf7
Rg2 58. Bd7 d5 59. exd5 Kxd5 60. Rf6 Ke5 61. Rf7 Kd6 62. Be8
Ke6 63. Rg7 Kf6 64. Rf7+ Ke5 65. Bc6 Rh2 66. Be4 Rxh4 67. Bxg6
Rh1+ 68. Ke2 Rh2+ 69. Kf1 h4 70. Be4 h3 71. Rf5+ Kd6 72. Rd5+
Ke7 73. Rh5 Rf2+ 74. Ke1 h2 75. f4 Bxf4 76. Kxf2 1-0

[Event "World Blitz Championship"]
[Site "Berlin GER"]
[Date "2015.10.14"]
[EventDate "2015.10.13"]
[Round "15.50"]
[Result "1-0"]
[White "Ivan Ivanisevic"]
[Black "Mikhail Antipov"]
[WhiteElo "2653"]
[BlackElo "2569"]
[PlyCount "73"]

1. d4 b6 2. e4 Bb7 3. Bd3 e6 4. Nf3 Nc6 5. a3 Nge7 6. c4 Ng6
7. Nc3 d6 8. Be3 Be7 9. g3 Qd7 10. h4 h5 11. Be2 Bf6 12. O-O
e5 13. d5 Nce7 14. Kg2 Bc8 15. Rh1 Qd8 16. Ng5 Bxg5 17. Bxg5
f6 18. Bd2 Bg4 19. Bxg4 hxg4 20. Qxg4 Qd7 21. Qxd7+ Kxd7
22. h5 Nf8 23. Rh3 Nh7 24. f4 f5 25. fxe5 dxe5 26. Rf1 Rhf8
27. exf5 Nxf5 28. Ne4 Nd4 29. Rhh1 c6 30. dxc6+ Kxc6 31. Bb4
Rfd8 32. h6 a5 33. Be7 Rg8 34. Rf7 Kd7 35. hxg7 Ke6 36. Nd6
Nc6 37. Rh6+ 1-0

[Event "World Blitz Championship"]
[Site "Berlin GER"]
[Date "2015.10.14"]
[EventDate "2015.10.13"]
[Round "16.55"]
[Result "1-0"]
[White "Mikhail Antipov"]
[Black "Loek van Wely"]
[WhiteElo "2569"]
[BlackElo "2632"]
[PlyCount "109"]

1. e4 c5 2. Nf3 e6 3. b3 b6 4. Bb2 Bb7 5. Qe2 Nc6 6. Nc3 Rc8
7. O-O-O Nge7 8. Qe3 Ng6 9. e5 d5 10. exd6 Bxd6 11. Ne4 Bf4
12. Qc3 e5 13. g3 Bh6 14. h4 Nd4 15. Nxd4 exd4 16. Bb5+ Kf8
17. Qf3 Ne5 18. Qf5 Qd5 19. Ng5 g6 20. Qf4 Kg7 21. Rhe1 f6
22. Bc4 Qd6 23. Ne6+ Qxe6 24. Bxe6 Bxf4 25. gxf4 Nf3 26. Bxc8
Bxc8 27. Re7+ Kh6 28. Rxa7 Kh5 29. Rh1 Kg4 30. a4 Nxh4 31. a5
bxa5 32. Rxa5 Bf5 33. Rxc5 Ng2 34. Bxd4 Nxf4 35. Be3 Ne6
36. Rg1+ Kf3 37. Rc4 Ke2 38. d3 h5 39. Rh1 g5 40. Rh2 h4
41. b4 g4 42. b5 Rg8 43. Rxh4 g3 44. fxg3 Kxe3 45. Rhe4+ Kf3
46. Re1 Kf2 47. Kd2 Rxg3 48. b6 Rg7 49. Rb1 Rb7 50. Rb5 Bg4
51. Rxg4 Kf3 52. Re4 Ng5 53. Rf5+ Kg3 54. Rb4 Ne6 55. Rxf6 1-0

[Event "World Blitz Championship"]
[Site "Berlin GER"]
[Date "2015.10.14"]
[EventDate "2015.10.13"]
[Round "17.47"]
[Result "1-0"]
[White "Rinat Jumabayev"]
[Black "Mikhail Antipov"]
[WhiteElo "2606"]
[BlackElo "2569"]
[PlyCount "89"]

1. Nf3 e6 2. g3 b6 3. Bg2 Bb7 4. c4 c5 5. O-O d6 6. Nc3 Nd7
7. d4 cxd4 8. Qxd4 a6 9. Bf4 e5 10. Qe3 Be7 11. Bg5 f6 12. Bh4
Rb8 13. g4 g5 14. Bg3 h5 15. h3 Nh6 16. Qd3 Kf8 17. Nd5 Nc5
18. Qg6 Bxd5 19. cxd5 hxg4 20. hxg4 Nxg4 21. b4 Nd7 22. Rac1
Qe8 23. Qf5 Nh6 24. Qe6 Rb7 25. Bh3 Kg7 26. Bg2 Nf8 27. Qc8
Qxc8 28. Rxc8 Ng6 29. Rfc1 Rxc8 30. Rxc8 f5 31. Bh2 g4 32. Nd2
Bg5 33. Nc4 Nf7 34. Rc6 Ne7 35. Rxb6 Rc7 36. Nxd6 Rc1+ 37. Bf1
Nxd6 38. Bxe5+ Kf7 39. Rxd6 f4 40. Rxa6 Nf5 41. d6 Ke6 42. Bb2
Rb1 43. Bc3 g3 44. Bd2 Bf6 45. Bxf4 1-0

[Event "World Blitz Championship"]
[Site "Berlin GER"]
[Date "2015.10.14"]
[EventDate "2015.10.13"]
[Round "18.62"]
[Result "0-1"]
[White "Mikhail Antipov"]
[Black "Evgeny Romanov"]
[WhiteElo "2569"]
[BlackElo "2573"]
[PlyCount "116"]

1. e4 e5 2. Nf3 Nc6 3. Bc4 Bc5 4. O-O Nf6 5. d3 d6 6. c3 Bb6
7. Bb3 Ne7 8. Nbd2 Ng6 9. Nc4 O-O 10. a4 c6 11. Nxb6 axb6
12. h3 b5 13. Be3 bxa4 14. Bxa4 Be6 15. Ng5 Bd7 16. Bc2 h6
17. Nf3 Re8 18. Re1 d5 19. b4 Be6 20. Qc1 Nd7 21. Rxa8 Qxa8
22. Qb2 f5 23. exf5 Bxf5 24. Ra1 Qc8 25. d4 Bxc2 26. Qxc2 e4
27. Nd2 Nf6 28. c4 Qf5 29. b5 Nh4 30. bxc6 bxc6 31. cxd5 cxd5
32. Nf1 Rf8 33. Ng3 Qe6 34. Ra7 Rf7 35. Ra8+ Kh7 36. Qb1 Qc6
37. Qb8 Rb7 38. Qh8+ Kg6 39. Rf8 Qa6 40. Kh2 Rb1 41. Bf4 Rb2
42. Be5 Rxf2 43. Bxf6 Rxf6 44. Rd8 Qc6 45. Qe8+ Qxe8 46. Rxe8
Rf2 47. Kh1 Rd2 48. Re5 Rxd4 49. Ne2 Rd2 50. Nf4+ Kf6 51. Rxd5
Rxd5 52. Nxd5+ Ke5 53. Nc3 Kd4 54. Ne2+ Kd3 55. Nf4+ Ke3
56. g3 Kf3 57. Nh5 Nf5 58. Kg1 e3 0-1

[Event "World Blitz Championship"]
[Site "Berlin GER"]
[Date "2015.10.14"]
[EventDate "2015.10.13"]
[Round "19.66"]
[Result "0-1"]
[White "Evgenij Agrest"]
[Black "Mikhail Antipov"]
[WhiteElo "2596"]
[BlackElo "2569"]
[PlyCount "36"]

1. c4 b6 2. Nc3 Bb7 3. e4 e6 4. Nf3 Bb4 5. Bd3 Ne7 6. Qc2 Ng6
7. Ne2 Nc6 8. a3 Bd6 9. O-O Qf6 10. Ng3 Nf4 11. Re1 h5 12. h4
Nh3+ 13. Kf1 Nd4 14. Qd1 Bc5 15. e5 Nxf3 16. gxf3 Qxh4 17. Be4
Nxf2 18. Qe2 Qh3+ 0-1

[Event "World Blitz Championship"]
[Site "Berlin GER"]
[Date "2015.10.14"]
[EventDate "2015.10.13"]
[Round "20.54"]
[Result "1-0"]
[White "Mikhail Antipov"]
[Black "Vadim Zvjaginsev"]
[WhiteElo "2569"]
[BlackElo "2660"]
[PlyCount "125"]

1. b3 b6 2. Bb2 Bb7 3. c4 Nf6 4. Nc3 g6 5. Nf3 Bg7 6. g3 Ne4
7. Qc2 Nxc3 8. Bxc3 e5 9. Bg2 O-O 10. h4 h5 11. O-O d6 12. d4
exd4 13. Nxd4 Bxg2 14. Kxg2 Re8 15. Rad1 Qd7 16. e3 Nc6
17. Nf3 Ne5 18. Bxe5 Bxe5 19. Rd5 Bg7 20. Rfd1 Rad8 21. Ng5
Qe7 22. Qe2 Bh6 23. Qf3 Bxg5 24. Rxg5 Qe4 25. Rd4 Qxf3+
26. Kxf3 a5 27. g4 hxg4+ 28. Rdxg4 Kf8 29. h5 gxh5 30. Rxh5
Re5 31. Rh7 Rf5+ 32. Ke2 Ke7 33. e4 Rf6 34. f4 Ra8 35. a4 c6
36. Ke3 Rb8 37. Rg5 Rc8 38. f5 Rb8 39. Rgh5 Rc8 40. Kf4 Rg8
41. Rh8 Rg1 42. Rb8 Rf1+ 43. Ke3 Re1+ 44. Kd3 d5 45. Rb7+ Kf8
46. exd5 cxd5 47. cxd5 Rd6 48. Kc4 Rc1+ 49. Kb5 Rc5+ 50. Ka6
b5+ 51. Rb6 Rcxd5 52. axb5 Kg7 53. f6+ Kg6 54. Rxd5 Rxd5
55. Kxa5 Rd3 56. Ka4 Rd4+ 57. b4 Rd1 58. Rc6 Ra1+ 59. Kb3 Rb1+
60. Ka3 Ra1+ 61. Kb2 Ra4 62. Kb3 Ra8 63. b6 1-0

[Event "Nutcracker Match of the Generations"]
[Site "Moscow RUS"]
[Date "2015.12.20"]
[EventDate "2015.12.20"]
[Round "1.3"]
[Result "1-0"]
[White "Mikhail Antipov"]
[Black "Alexander Morozevich"]
[WhiteElo "2569"]
[BlackElo "2692"]
[PlyCount "81"]

1. e4 e5 2. Nf3 Nc6 3. Bb5 a6 4. Ba4 Nf6 5. O-O Be7 6. Re1 b5
7. Bb3 d6 8. c3 O-O 9. h3 Re8 10. a3 Bf8 11. Bc2 d5 12. exd5
Qxd5 13. d4 Bb7 14. Bb3 Qd6 15. Ng5 Nd8 16. Nd2 exd4 17. Rxe8
Nxe8 18. Qh5 Nf6 19. Nxf7 Nxf7 20. Qxf7+ Kh8 21. cxd4 Qxd4
22. Nf3 Bxf3 23. gxf3 Bd6 24. Be3 Qxb2 25. Rd1 Qxa3 26. Bh6
Rg8 27. Kh1 Bf8 28. Rg1 Qe7 29. Bxg7+ Rxg7 30. Rxg7 Qxf7
31. Rxf7 Bg7 32. Rxc7 h5 33. Ra7 Kh7 34. Rxa6 Kg6 35. Rb6 Bf8
36. Rxb5 Bd6 37. h4 Bf4 38. Kg2 Nd7 39. Bf7+ Kf6 40. Bxh5 Ne5
41. Bg4 1-0

[Event "Nutcracker Match of the Generations"]
[Site "Moscow RUS"]
[Date "2015.12.21"]
[EventDate "2015.12.20"]
[Round "2.1"]
[Result "1/2-1/2"]
[White "Evgeny Najer"]
[Black "Mikhail Antipov"]
[WhiteElo "2674"]
[BlackElo "2569"]
[PlyCount "106"]

1. e4 c5 2. Nf3 Nc6 3. d4 cxd4 4. Nxd4 g6 5. c4 d6 6. Nc3 Nf6
7. Be2 Nxd4 8. Qxd4 Bg7 9. Bg5 O-O 10. Qd2 a5 11. Rd1 Be6
12. Qe3 Qc7 13. b3 a4 14. O-O axb3 15. axb3 Qa5 16. Nd5 Bxd5
17. exd5 Rfe8 18. Kh1 Qb4 19. Qd3 Ra3 20. Rb1 Nd7 21. Bd2 Qb6
22. Bd1 Ra2 23. Be3 Nc5 24. b4 Nxd3 25. Bxb6 Rc8 26. Be3 Bc3
27. c5 Bd2 28. Bb3 Bxe3 29. Bxa2 Nxf2+ 30. Kg1 Ne4+ 31. Kh1
Nf2+ 32. Kg1 Ne4+ 33. Kh1 Nd2 34. Rfe1 Bf2 35. Rxe7 Nxb1
36. Bxb1 dxc5 37. d6 cxb4 38. g3 Rc1+ 39. Kg2 Bc5 40. Re8+ Kg7
41. d7 Bb6 42. Bd3 Rd1 43. d8=Q Bxd8 44. Rxd8 b3 45. Rd7 b6
46. Rd6 Rd2+ 47. Kf3 b2 48. Rxb6 Rxd3+ 49. Ke2 Rd5 50. Rxb2
Rf5 51. h4 h5 52. Rb6 f6 53. Rb7+ Kf8 1/2-1/2